书目信息 |
| 题名: |
狂吃十万亿
|
|
| 作者: | 韩志辉 著 | |
| 分册: | ||
| 出版信息: | 北京 机械工业出版社 2012 |
|
| 页数: | 17,243页 | |
| 开本: | 24cm | |
| 丛书名: | ||
| 单 册: | ||
| 中图分类: | F326.5 | |
| 科图分类: | ||
| 主题词: | 农产品加工--Nong Chan Pin Jia Gong--高附加值--经济增长--中国 | |
| 电子资源: | ||
| ISBN: | 978-7-111-38397-0 | |
| 000 | 00979nam0 22002411 450 | |
| 001 | 350442 | |
| 005 | 20161011165610.31 | |
| 010 | @a978-7-111-38397-0@dCNY45.80 | |
| 100 | @a20120706d2012 em y0chiy50 ea | |
| 101 | 0 | @achi |
| 102 | @aCN@b110000 | |
| 105 | @aa z 000yy | |
| 106 | @ar | |
| 200 | 1 | @a狂吃十万亿@AKuang Chi Shi Wan Yi@e中国农产品食品高附加值成长模式@f韩志辉著 |
| 210 | @a北京@c机械工业出版社@d2012 | |
| 215 | @a17,243页@c图@d24cm | |
| 330 | @a本书对农产品及食品企业如何“狂吃十万亿”的解题,从行业趋势研究、消费行为转变、行业制胜战略要素、品牌战略、产品策划等多个角度入手,每一部分都配合成功案例,系统、深入、生动地提出了解决之道。 | |
| 517 | 1 | @a中国农产品食品高附加值成长模式@AZhong Guo Nong Chan Pin Shi Pin Gao Fu Jia Zhi Cheng Chang Mo Shi |
| 606 | 0 | @a农产品加工@ANong Chan Pin Jia Gong@x高附加值@x经济增长@y中国 |
| 690 | @aF326.5@v5 | |
| 701 | 0 | @a韩志辉@AHan Zhi Hui@4著 |
| 801 | 0 | @aCN@bTANGWEI@c20160804 |
| 905 | @b0890055-9@dF326.5@e169@f5 | |
| 狂吃十万亿:中国农产品食品高附加值成长模式/韩志辉著 .-北京:机械工业出版社,2012 |
| 17,243页:图;24cm |
| ISBN 978-7-111-38397-0:CNY45.80 |
| 本书对农产品及食品企业如何“狂吃十万亿”的解题,从行业趋势研究、消费行为转变、行业制胜战略要素、品牌战略、产品策划等多个角度入手,每一部分都配合成功案例,系统、深入、生动地提出了解决之道。 |
| ● |
| 相关链接 |
|
|
|
|
正题名:狂吃十万亿
索取号:F326.5/169
 
预约/预借
| 序号 | 登录号 | 条形码 | 馆藏地/架位号 | 状态 | 备注 |
| 1 | 0890055 | 208900554 | 第一样本阅览室/ [索取号:F326.5/169] | 在馆 | |
| 2 | 0890056 | 208900563 | 第一借阅区/ [索取号:F326.5/169] | 在馆 | |
| 3 | 0890057 | 208900572 | 第一借阅区/ [索取号:F326.5/169] | 在馆 | |
| 4 | 0890058 | 208900581 | 第一借阅区/ [索取号:F326.5/169] | 在馆 | |
| 5 | 0890059 | 208900590 | 第一借阅区/ [索取号:F326.5/169] | 在馆 |